Missing Word: 1980s 'B' Song Endings Quiz Stats

 Plays Quiz Updated Jan 9, 2016

Challenge
Share
Tweet
Embed
Score 0/20 Timer 04:00
0 Plays Today
Song Missing Word % Correct
Don't Stop _____Believin'
93.3%
To All The Girls
I've Loved _____
Before
92.1%
Should've Known _____Better
91.4%
La _____Bamba
91.3%
Bad To The _____Bone
91.3%
Up Where We _____Belong
89.2%
Hells ____Bells
89.2%
Could've _____Been
87.6%
Let's Hear It For The _____Boy
87.3%
Touch Me
(I Want Your _____)
Body
82%
Song Missing Word % Correct
Out Of The _____Blue
78.8%
We Got The _____Beat
78.6%
Raspberry _____Beret
75.1%
Cherry _____Bomb
67.6%
La Isla _____Bonita
66.3%
No One Is To _____Blame
60.7%
Everyday I Write The _____Book
50.2%
Love _____Bites
44.5%
She's A _____Beauty
41.1%
Miss Me _____Blind
24%

Today's Daily Dose

You're not logged in!

Compare scores with friends on all Sporcle quizzes.
OR
Log In

You Might Also Like...

Show Comments

Extras

Top Quizzes Today


Score Distribution

Your Account Isn't Verified!

In order to create a playlist on Sporcle, you need to verify the email address you used during registration. Go to your Sporcle Settings to finish the process.

Report this User

Report this user for behavior that violates our Community Guidelines.

Details: